| 000 | 00352nam a2200145Ia 4500 | ||
|---|---|---|---|
| 008 | 150201s2014 xx 000 0 und d | ||
| 082 |
_a610.734 _bC14G |
||
| 100 | _aGEORGE, GEORLY | ||
| 245 | _aTB. OF COMMUNITY HEALTH NURSES | ||
| 250 | _a1ST | ||
| 260 |
_bJAYPEE _aDELHI _c2014 |
||
| 300 | _a220 | ||
| 650 | _aCOMMUNITy NURSING | ||
| 942 |
_2ddc _cBK _031 |
||
| 999 |
_c2379 _d2379 |
||